Statistics for Top 30 Artists Dec. 2023

Click here to take the quiz!

General Stats

  • This quiz has been taken 6 times
  • The average score is 3 of 45

Answer Stats

HintAnswer% Correct
5Taylor Swift
83%
3Ed Sheeran
67%
HNROlivia Rodrigo
33%
16Kacey Musgraves
17%
HNRLANY
17%
18Lauv
17%
22Lewis Capaldi
17%
6AJR
0%
HNRA R I Z O N A
0%
2Ben Rector
0%
8Brandi Carlile
0%
HNRChelsea Cutler
0%
RISEChris Stapleton
0%
HNRColbie Caillat
0%
21Dagny
0%
HNRDermot Kennedy
0%
7Drew Holcomb & The Neighbors
0%
HNRGriff
0%
24Ingrid Andress
0%
RISEJD Clayton
0%
23John Denver
0%
9Julia Michaels
0%
10Katie Pruitt
0%
17Kelsea Ballerini
0%
27Lauren Daigle
0%
13LÉON
0%
HNRLori McKenna
0%
14Maren Morris
0%
RISEMedium Build
0%
RISEMidland
0%
30MUNA
0%
15NEEDTOBREATHE
0%
25Noah Kahan
0%
26NOTD
0%
1Owl City
0%
19Passenger
0%
11Quinn XCII
0%
29Ruston Kelly
0%
4Sigrid
0%
28Stephen Wilson Jr.
0%
HNRTrousdale
0%
20Tyler Childers
0%
12Valley
0%
RISEWe Three
0%
HNRWrabel
0%

Score Distribution

Percentile by Number Answered

Percent of People with Each Score

Your Score History

You have not taken this quiz